MARC

LEADER 00000nab a2200000 a 4500
001 vtls000019360
003 SK-MaSNL
005 20260426101812.0
008 111103c1978 xo 0 slo
015 |a SNBRB19rr/mm-uuuuu 
035 |a CL0029454 
040 |a SNKBUCL  |b slo  |c SNKBUCL  |e AACR2 
041 0 |a slo 
044 |a xo  |c SK 
080 |a 82:061.7:882+82(47) (437)  |2 1981 
080 |a 061.7  |2 1981 
080 |a 882  |2 1981 
080 |a 82(47) (437)  |2 1981 
080 |a 82(47)  |2 1981 
080 |a 061.7(437)  |2 1981 
100 1 |a Ťapajová, Elena,  |d 1944-2023  |4 aut  |9 5234 
245 1 0 |a Radar srdca  |c Elena Ťapajová ; Peter Záhradník 
300 |b Fot.6. 
611 2 7 |a Dni sovietskej literatúry  |d (1978  |c Bratislava, Slovensko)  |2 snkbucl  |9 1221677 
650 0 7 |a literárne besedy  |2 snkbucl  |9 578145 
650 0 7 |a sovietska literatúra  |2 snkbucl  |9 22300 
650 0 7 |a umelecké prehliadky  |2 snkbucl  |9 344664 
651 7 |a Bratislava (Slovensko)  |2 snkbucl  |9 14568 
655 7 |a články z novín a časopisov  |2 snkbucl  |9 267496 
655 7 |a články z odboru literárna veda a krásna literatúra  |2 snkbucl  |9 770045 
700 1 |a Záhradník, Peter  |4 gup  |9 5636 
773 0 |t Slovenka  |g Roč. 30, č. 50 (1978), s. 14-15 
850 |a Slovenská národná knižnica v Martine  |a MTA001 
852 |a SNK  |b KIS3GCP 
958 |a RK 
958 |a LX 
958 |a SK 
992 |a RBX 
999 |c 3239608  |d 3241538